25. Betonářské dny 2018 : sborník příspěvků konference. Praha, ČR, 21. a 22. listopadu 2018
Gespeichert in:
| Körperschaft: | |
|---|---|
| Weitere Verfasser: | |
| Format: | Tagungsbericht Buch |
| Sprache: | Tschechisch Slowakisch Englisch |
| Veröffentlicht: |
Praha :
Česká betonářská společnost ČSSI,
2018
|
| Ausgabe: | 1. vyd. |
| Tags: |
Keine Tags, Fügen Sie das erste Tag hinzu!
|
MARC
| LEADER | 00000nam a22000003a 4500 | ||
|---|---|---|---|
| 001 | 0069064 | ||
| 003 | SK-STU | ||
| 005 | 20181126132353.8 | ||
| 007 | ta | ||
| 008 | 150127s ----xo-----e------100-0-----d | ||
| 020 | |a 978-80-906759-6-4 | ||
| 040 | |a STU |b slo | ||
| 041 | 0 | |a cze |a slo |a eng | |
| 044 | |a xr | ||
| 111 | 2 | |a Betonářské dny 2018 |n 25. |d 21. - 22. 11. 2018 |c Praha, Česká republika | |
| 245 | 1 | 0 | |a 25. Betonářské dny 2018 : |b sborník příspěvků konference. Praha, ČR, 21. a 22. listopadu 2018 |h [elektronický zdroj] |
| 250 | |a 1. vyd. | ||
| 260 | |a Praha : |b Česká betonářská společnost ČSSI, |c 2018 | ||
| 300 | |a USB kľúč, 538 s. | ||
| 700 | 1 | |a Viltová, Tereza |4 edt | |
| 996 | |c V* 863/A |l VV1 |s P |a 0 |w 0069064_0001 | ||
| 996 | |c V* 864/A |l VV1 |s P |a 0 |w 0069064_0002 | ||
| 996 | |c V* 865/A |l VV1 |s P |a 0 |w 0069064_0003 | ||
| 996 | |c V* 866/A |l VV1 |s P |a 0 |w 0069064_0004 | ||
| 996 | |c V* 867/A |l VV1 |s P |a 0 |w 0069064_0005 | ||
| 996 | |c V* 868/A |l VV1 |s P |a 0 |w 0069064_0006 | ||